000 01395nam a22004577a 4500
001 BR0700714
003 BR-BrBNA
005 20230928102331.0
007 ta
008 230509b bl.||||| |||| 00| 0 por d
040 _aBR-BrBNA
_bpor
_cBiblioteca Nacional de Agricultura
041 _a(Eng)
072 _aJ10
090 _ J10 BR0700714
100 1 _aLorini, I.
100 1 _aBacaltchuk, B.
100 1 _aBeckel, H.
100 1 _aDeckers, D.
100 1 _aSundfeld, E.
100 1 _aSantos, J.P. dos
100 1 _aBiagi, J.D.
100 1 _aCelaro, J.C.
100 1 _aFaroni, L.R.D'A.
100 1 _aBortolini, L. de O.F.
100 1 _aSartori, M.R.
100 1 _aElias, M.C.
100 1 _aGuedes, R.N.C.
100 1 _aFonseca, R.G. da
100 1 _aScussel, V.M.(eds.)
110 1 _aAssociação Brasileira de Pós-Colheita, Campinas, SP (Brasil)
_9864
111 1 _a9th International Working Conference on Stored Product Protection
_cCampinas, SP (Brazil)
_d15-18 Oct 2006
245 1 _aProceedings of the 9th International Working Conference on Stored Product Protection
260 3 _aCampinas, SP (Brasil):
_c2006.
300 _a1359 p.
500 _aSeveral bibliography; Summary (Eng)
650 _aPRODUTO ARMAZENADO
650 _aPRAGA DE PRODUTO ARMAZENADO
650 _aDEFESA VEGETAL
909 _a202309
_bLucia
_c55
_dLucia Elande
942 _cBK
999 _c70234
_d70234